Countries Without Formal Relations with Israel - Statistics

General Stats
  • This quiz has been taken 73 times
  • The average score is 25 of 29
Answer Stats
Country % Correct
Iran
100%
Iraq
100%
Saudi Arabia
96%
Pakistan
95%
Yemen
95%
Lebanon
93%
Afghanistan
91%
Algeria
91%
Kuwait
89%
Libya
89%
Morocco
89%
Qatar
89%
Syria
89%
Bahrain
88%
Sudan
88%
United Arab Emirates
88%
Tunisia
86%
Bangladesh
84%
Mali
84%
Indonesia
82%
Somalia
81%
Malaysia
79%
Niger
79%
Brunei
77%
Djibouti
77%
North Korea
77%
Comoros
67%
Bhutan
61%
Cuba
60%
No matching quizzes found
Score Distribution
Percent of People with Each Score
Percentile by Number Answered
Your Score History
You have not taken this quiz